<?xml version="1.0" encoding="UTF-8"?>
<record
    xmlns:xsi="http://www.w3.org/2001/XMLSchema-instance"
    xsi:schemaLocation="http://www.loc.gov/MARC21/slim http://www.loc.gov/standards/marcxml/schema/MARC21slim.xsd"
    xmlns="http://www.loc.gov/MARC21/slim">

  <leader>01217    a2200205   4500</leader>
  <controlfield tag="001">39906</controlfield>
  <controlfield tag="005">20260407155655.0</controlfield>
  <controlfield tag="008">260407a1975    arg                 spa d</controlfield>
  <controlfield tag="003">AR-UNSa-BCEJYS</controlfield>
  <datafield tag="040" ind1=" " ind2=" ">
    <subfield code="a">AR-UNSa-BCEJYS</subfield>
    <subfield code="b">spa</subfield>
    <subfield code="c">AR-UNSa-BCEJYS</subfield>
  </datafield>
  <datafield tag="080" ind1=" " ind2=" ">
    <subfield code="a">336.5</subfield>
    <subfield code="x">Gasto p&#xFA;blico. Gastos del estado </subfield>
  </datafield>
  <datafield tag="245" ind1="1" ind2="0">
    <subfield code="a">Los efectos econ&#xF3;micos del gasto p&#xFA;blico</subfield>
  </datafield>
  <datafield tag="264" ind1=" " ind2="1">
    <subfield code="a">Buenos Aires :</subfield>
    <subfield code="b">Depalma</subfield>
    <subfield code="c">1975</subfield>
  </datafield>
  <datafield tag="300" ind1=" " ind2=" ">
    <subfield code="a">xiv, 105 p.</subfield>
    <subfield code="c">20 cm.</subfield>
  </datafield>
  <datafield tag="505" ind1=" " ind2=" ">
    <subfield code="a">1. El gasto p&#xFA;blico y la ciencia de las finanzas - 2. El gasto p&#xFA;blico y el fen&#xF3;meno financiero - 3. Definici&#xF3;n del gasto p&#xFA;blico - 4. Evoluci&#xF3;n y crecimiento del gasto - 5. Nueva filosof&#xED;a del gasto p&#xFA;blico - 6. Papel del gasto p&#xFA;blico en la evoluci&#xF3;n econ&#xF3;mica - 7. Pol&#xED;tica fiscal compensatoria - 8. La selecci&#xF3;n del gasto - 9. Distribuci&#xF3;n del gasto p&#xFA;blico con relaci&#xF3;n al lugar - 10. Teor&#xED;as sobre el desarrollo econ&#xF3;mico - 11. El impulso econ&#xF3;mico - 12. La financiaci&#xF3;n del gasto - 13. La regulaci&#xF3;n legal del gasto - 14. El control del gasto - 15. El gasto p&#xFA;blico en un plan de estabilizaci&#xF3;n monetaria - 16. Conclusiones</subfield>
  </datafield>
  <datafield tag="041" ind1=" " ind2=" ">
    <subfield code="a">spa</subfield>
  </datafield>
  <datafield tag="942" ind1=" " ind2=" ">
    <subfield code="c">BK</subfield>
  </datafield>
  <datafield tag="590" ind1=" " ind2=" ">
    <subfield code="a">niveau_biblio:m niveau_hierar:0</subfield>
  </datafield>
  <datafield tag="100" ind1="1" ind2=" ">
    <subfield code="a">Wehbe, Jorge</subfield>
  </datafield>
  <datafield tag="999" ind1=" " ind2=" ">
    <subfield code="c">3139</subfield>
    <subfield code="d">3139</subfield>
  </datafield>
  <datafield tag="952" ind1=" " ind2=" ">
    <subfield code="0">0</subfield>
    <subfield code="1">0</subfield>
    <subfield code="4">0</subfield>
    <subfield code="7">0</subfield>
    <subfield code="a">BCEJYS</subfield>
    <subfield code="b">BCEJYS</subfield>
    <subfield code="c">16</subfield>
    <subfield code="d">2026-04-07</subfield>
    <subfield code="l">0</subfield>
    <subfield code="o">336.5 W413</subfield>
    <subfield code="p">L125685</subfield>
    <subfield code="r">2026-04-07 15:56:55</subfield>
    <subfield code="w">2026-04-07</subfield>
    <subfield code="y">L</subfield>
  </datafield>
</record>
